Normal view
MARC view
- Indígenas
Entry Materia
001 - NÚMERO DE CONTROL DEL REGISTRO
- campo de control: 46376
003 - IDENTIFICADOR DE NUMERO DE CONTROL
- campo de control: MX-MxUPN
005 - FECHA Y HORA DE LA ÚLTIMA TRANSACCIÓN
- campo de control: 20231127152803.0
008 - DATOS DE LONGITUD FIJA
- campo de control de longitud fija: 220914nn acnnnbabn a ana d
040 ## - FUENTE DE LA CATALOGACIÓN
- Centro catalogador de origen: MX-MxUPN
- Lengua de catalogación: spa
- Agencia de transcripción: MX-MxUPN
150 ## - ENCABEZAMIENTO - TEMÁTICO
- Término de materia o nombre geográfico como elemento inicial: Indígenas
- Subdivisión de materia general: Historia
450 ## - VÉASE - MATERIA
- Subcampo de control: nno
- Encabezamiento temático: Indios
- Subdivisión temática general: Historia
670 ## - FUENTE EN LA QUE SE LOCALIZARON DATOS
- Cita de la fuente: LC
- Información localizada: Indians - History
670 ## - FUENTE EN LA QUE SE LOCALIZARON DATOS
- Cita de la fuente: LEMB, 1998:
- Información localizada: página 569 (Indígenas)
670 ## - FUENTE EN LA QUE SE LOCALIZARON DATOS
- Cita de la fuente: Autoridades BGTQ, 27 noviembre 2023:
- Información localizada: subdivisión general (Historia)
902 ## - CATALOGADOR
- Catalogador: CAA/140922
- Catalogador: Víctor Ruiz/271123
